000 00314nam a22001217a 4500
008 230620b xxu||||| |||| 00| 0 eng d
082 _a320.91
_bPYE
100 _cLucian W.Pye
245 _aAspect of a political Development
260 _acanada
_bLittle, Brown and Company
_c1960
300 _a205p
942 _2ddc
_cBK
999 _c1625
_d1625